Právo a povinnosť mladej literatúry

Bibliographic Details
Main Author: Reisel, Marián, 1951- (Author)
Format: Article
Language:Slovak
Subjects:

MARC

LEADER 00000nab a2200000 a 4500
001 vtls000147068
003 SK-MaSNL
005 20260304181049.0
008 111104c1983 xo 0 slo
015 |a SNBRB19rr/mm-uuuuu 
035 |a CL0157175 
040 |a SNKBUCL  |b slo  |c SNKBUCL  |e AACR2 
041 0 |a slo 
044 |a xo  |c SK 
080 |a 82.09:885.4  |2 1981 
080 |a 885.4  |2 1981 
080 |a 885.4.09  |2 1981 
100 1 |a Reisel, Marián,  |d 1951-  |4 aut 
245 1 0 |a Právo a povinnosť mladej literatúry  |c Marián Reisel 
650 0 7 |a slovenská literatúra  |2 snkbucl  |9 1115 
650 0 7 |a literárna kritika  |2 snkbucl  |9 1138 
655 7 |a články z novín a časopisov  |2 snkbucl  |9 267496 
655 7 |a články z odboru literárna veda a krásna literatúra  |2 snkbucl  |9 770045 
773 0 |t Nové slovo mladých  |g Roč. 6, č. 1 (1983), s. 7 
850 |a Slovenská národná knižnica v Martine  |a MTA001 
852 |a SNK  |b KIS3GCP 
958 |a RK 
958 |a LX 
992 |a RBX 
999 |c 3021621  |d 3023551